• 首页
  • 本馆介绍
  • 公告通知
  • 最新文献
  • 馆藏检索
  • 电子资源
  • 读者导购
  • 参考咨询
  • 我的图书馆
  • 登录
  • 详细信息显示
  • 放入我的书架
  • 预约/预借图书
  • 作者相关作品
  • 分类相关作品
  • 丛书相关作品
  • 出版社相关作品

书目信息

  • 表格格式
  • 工作单格式
  • 卡片格式
题名:
青年近卫军
    
 
作者: 法捷耶夫 著 ;水夫 译
分册: 第二部  
出版信息: 北京    1954.9
页数: 477-854页
开本: 20cm
丛书名:
单 册:
中图分类: I512.45 , I512.4
科图分类: 47.2752
主题词: 长篇小说--苏联--现代 , 文学
电子资源:
ISBN:
000 00729nam0 2200277 45
001 0198030629
005 20051129161038.60
010    @dCNY1.
091    @a10019.289
100    @a19980604e19971987em y0chiy0121 ea
101 1  @achi@crus
102    @aCN@b110000
105    @af z 000ay
106    @ar
200 10 @a青年近卫军@h第二部@Aqing nian jin wei jun@f(苏)法捷耶夫著@g水夫译
210    @d1954.9@a北京@b人民文学出版社
215    @a477-854页@d20cm
606    @a长篇小说@y苏联@z现代
606 0  @a文学
690    @aI512.45@v3
690    @aI512.4@v3
692    @a47.2752@v2
701  1 @a法捷耶夫@Afa jie ye fu@4著
702  0 @a水夫@Ashui fu@4译
801    @aCN@bTSTC@c20051129
905    @dI512.4@e454:2@f1@b51674
    
    青年近卫军.第二部/(苏)法捷耶夫著/水夫译.-1954.9;北京(人民文学出版社)
    477-854页;20cm
    
    
    ISBN :CNY1.
    
●
相关链接 在E读中查询图书 在五车中查询图书 在当当中查询图书 在豆瓣中查询图书


正题名:青年近卫军     索取号:I512.4/454:2         预约/预借

序号 登录号 条形码 馆藏地/架位号 状态 备注
1 0051674   001767243   密集书库/ [索取号:I512.4/454:2] 在馆    
唐山师范学院图书馆 欢迎您!
大连网信软件有限公司© 版权所有